| 000 | 00516cam a2200181 4500500 | ||
|---|---|---|---|
| 005 | 20260405001310.0 | ||
| 041 | _afre | ||
| 042 | _adc | ||
| 100 | 1 | 0 |
_aMichaud, Yves _eauthor |
| 245 | 0 | 0 | _aÀ court d’Histoire |
| 260 | _c2012. | ||
| 500 | _a12 | ||
| 690 | _aLois | ||
| 690 | _aMémoire | ||
| 690 | _aPassé | ||
| 786 | 0 | _nPhilosophie magazine | 61 | 7 | 2012-07-01 | p. 12-12 | 1951-1787 | |
| 856 | 4 | 1 | _uhttps://shs.cairn.info/magazine-philosophie-magazine-2012-7-page-12?lang=fr&redirect-ssocas=7080 |
| 999 |
_c2046105 _d2046105 |
||